Responses for Show #3589 - Thursday, March 23, 2000

Contestants

[<< previous game]

Scott Hanson, a customer service supervisor from Billings, Montana

Donna Malcomb, an attorney from Atlanta, Georgia

Ron Josephson, an environmental engineer from Silver Spring, Maryland (whose 1-day cash winnings total $10,201)

[next game >>]

Jeopardy! Round responses

THE HISTORY OF THE WORLD: PART 1
BEER COUNTRY OF ORIGIN
(Alex: You identify the country.)
MAGAZINES
3-NAMED CELEBRITIES
STRAIT-EN UP
"YOUR" ACT
    $100 6
Adolf Hitler

Scott
    $100 1
Mexico

Scott
    $100 21
Parade

Donna
    $100 26
Sarah Michelle Gellar

Scott
    $100 11
Bering Strait

Ron
    $100 16
Your Honor

Ron
    $200 7
Chicago Fire

Donna
    $200 2
China

Scott
    $200 22
Air & Space Museum

Donna
    $200 27
Billy Bob Thornton

Ron
    $200 12
Strait of Gibraltar

Ron
    $200 17
"Your Cheatin' Heart"

Ron
    $300 8
Constantine

Ron
    $300 3
Holland/Netherlands

Ron
    $300 23
Entertainment Weekly

Donna
    $300 28
Sarah Jessica Parker

Donna
    $300 13
Strait of Dover

Ron
    $300 18
Yours truly

Triple Stumper
    $400 9
1974

Scott
    $400 4
Japan

Scott
    $500 24
(D: What is tennis?)

Golf

Donna
    $400 29
Tommy Lee Jones

Donna
    $400 14
Cook Strait

Triple Stumper
    $400 19
Your eyes

Donna
    $500 10
Julius Caesar

Ron
    $500 5
Canada

Ron
    $500 25
Scientific American

Ron
    $500 30
Kristin Scott Thomas

Donna
    $500 15
Strait of Formosa

Ron
    $500 20
Yours, Mine and Ours

Donna

Scores at the first commercial break (after clue 16):

Ron Donna Scott
$2,800 $200 $1,200

Scores at the end of the Jeopardy! Round:

Ron Donna Scott
$3,700 $2,400 $1,300

Double Jeopardy! Round responses

THEY'RE IN CHARGE
SMALL-TOWN CINEMA
TENNIS TALK
BUY AMERICAN LIT!
THE BODY HUMAN
HYPHENATES
    $200 6
South Korea

Ron
    $200 15
Hoosiers

Scott
    $200 1
Ace

Scott
    $200 23
Ray Bradbury

Scott
    $200 13
Hair

Scott
    $200 11
Olivia Newton-John

Scott
    $400 7
Iran

Ron
    $400 16
Anatomy of a Murder

Donna
    $400 2
Fault

Triple Stumper
    $400 27
(D: Who is Carson?)

Carson McCullers

Donna
Triple Stumper
    $400 14
Cholesterol

Donna
    $400 12
Mason-Dixon Line

Donna
    $600 8
South Africa

Ron
    $600 17
The Faculty

Donna
    $600 3
Deuce ($2 bill)

Triple Stumper
    $600 29
(buzzer sounds)

Scott Turow

Donna
    $600 24
(with less than a minute to go...)

Kidneys

Scott
    $900 20
Winston-Salem

Ron
    $800 9
(D: What is Poland?)
(R: What is the Czech Republic?)

Austria

RonDonna
Triple Stumper
    $800 18
The Iron Giant

Scott
    $1,500 4
(S: What is an ace?)

Love

Scott
    $800 28
Thomas Wolfe

Ron
    $800 25
Cochlea

Donna
    $800 21
Rimsky-Korsakov

Ron
    $1000 10
(R: What is the European Union?)

Italy

Ron
Triple Stumper
    $1000 19
Mystery, Alaska

Ron
    $1000 5
Set

Ron
    $1000 26
Phalanges

Triple Stumper
    $1000 22
Knight-Ridder

Triple Stumper

Scores at the end of the Double Jeopardy! Round:

Ron Donna Scott
$7,600 $4,400 $2,200

[wagering suggestions for these scores]

Final Jeopardy! Round responses

MODERN MUSIC
ScottWho is Kenny G
$2,200
DonnaWho is Kenny G?
$4,300
RonWho is James Galway?
$1,201
Kenny G

Final scores:

Ron Donna Scott
$6,399 $8,700 $4,400
2nd place: Trip to Salish Lodge & Spa, Seattle, Washington New champion: $8,700 3rd place: Viewsonic VT-150 Computer Monitor

Game dynamics:

Coryat scores:

Ron Donna Scott
$7,300 $4,900 $3,700
20 R
(including 1 DD),
2 W
15 R,
3 W
(including 1 DD)
13 R,
1 W
(including 1 DD)

Combined Coryat: $15,900

[game clues] [game scores] [suggest correction]

Game tape date: 2000-01-11
The J! Archive is created by fans, for fans. Scraping, republication, monetization, and malicious use prohibited; this site may use cookies and collect identifying information. See terms. The Jeopardy! game show and all elements thereof, including but not limited to copyright and trademark thereto, are the property of Jeopardy Productions, Inc. and are protected under law. This website is not affiliated with, sponsored by, or operated by Jeopardy Productions, Inc. Join the discussion at JBoard.tv.